| 000 | 00381cam a2200157ua 4500 | ||
|---|---|---|---|
| 041 |
_aeng _h |
||
| 082 |
_a821 _bCON/DR |
||
| 100 | _aCongreve, . | ||
| 245 |
_aDryden : Poetry & Prose (Essays) / _cCongreve. _hTextual Documents |
||
| 250 |
_a1 / _b. |
||
| 260 |
_a : _bOxford University Press , _c1955. |
||
| 300 | _a204 ; . | ||
| 504 | _a | ||
| 942 | _cBK | ||
| 999 |
_c3824 _d3824 |
||